| 000 | 00415pab a2200145 454500 | ||
|---|---|---|---|
| 008 | 180718b1984 xxu||||| |||| 00| 0 eng d | ||
| 100 | _aPaul, Samuel | ||
| 245 |
_aRegulation of transnational corporations _bNational and global interventions |
||
| 260 | _c1984 | ||
| 300 | _aM-2-10 | ||
| 362 | _a25 Feb. | ||
| 650 | _aInternational Business Enterprises | ||
| 773 | _aEconomic and Political Weekly | ||
| 909 | _a11201 | ||
| 999 |
_c11201 _d11201 |
||